Principles of fermentation technology (Record no. 16449)

MARC details
000 -LEADER
fixed length control field 00656nam a2200241 a 4500
001 - CONTROL NUMBER
control field 153841
003 - CONTROL NUMBER IDENTIFIER
control field OSt
005 - DATE AND TIME OF LATEST TRANSACTION
control field 20251209121448.0
008 - FIXED-LENGTH DATA ELEMENTS--GENERAL INFORMATION
fixed length control field 170214 ### HIN
020 ## - INTERNATIONAL STANDARD BOOK NUMBER
International Standard Book Number 9780080999531
082 ## - DEWEY DECIMAL CLASSIFICATION NUMBER
Classification number 660.28449
Item number S24P
100 ## - MAIN ENTRY--PERSONAL NAME
Personal name Stanbury, Peter F.
245 ## - TITLE STATEMENT
Title Principles of fermentation technology
Statement of responsibility, etc by Peter F. Stanbury, Allan Whitaker and Stephen J. Hall
250 ## - EDITION STATEMENT
Edition statement 3rd ed.
260 ## - PUBLICATION, DISTRIBUTION, ETC. (IMPRINT)
Place of publication, distribution, etc Amsterdan
Name of publisher, distributor, etc Elsevier
Date of publication, distribution, etc 2017
300 ## - PHYSICAL DESCRIPTION
Extent xix, 803p.
546 ## - LANGUAGE NOTE
Language note English
650 ## - SUBJECT ADDED ENTRY--TOPICAL TERM
Source of heading or term Fermentation technology
650 ## - SUBJECT ADDED ENTRY--TOPICAL TERM
Source of heading or term Microbiology
700 ## - ADDED ENTRY--PERSONAL NAME
Personal name Whitaker, Allan
700 ## - ADDED ENTRY--PERSONAL NAME
Personal name Hall, Stephen J.
942 ## - ADDED ENTRY ELEMENTS (KOHA)
Source of classification or shelving scheme Dewey Decimal Classification
Koha item type Books
Holdings
Withdrawn status Lost status Source of classification or shelving scheme Damaged status Not for loan Collection code Home library Current library Date acquired Total Checkouts Full call number Barcode Date last seen Date checked out Price effective from Koha item type Department Source of acquisition Cost, normal purchase price Inventory number(Invoice/Date)
    Dewey Decimal Classification     General Text Book Central University Of Rajasthan Central University Of Rajasthan 13/02/2017 3 660.28449 S24P 28879 21/11/2024 19/07/2023 02/09/2020 Books        
    Dewey Decimal Classification     General Text Book Central University Of Rajasthan Central University Of Rajasthan 07/07/2021   660.28449 S24P 35209 07/07/2021   07/07/2021 Books Microbiology Indica Publisher 11071.50 2020-21/0774/23-12-2020
    Dewey Decimal Classification     General Text Book Central University Of Rajasthan Central University Of Rajasthan 03/09/2021   660.28449 S24P 35208 03/09/2021   03/09/2021 Books Microbiology Indica Publisher 11071.50 2020-21/0774/23-12-2020
    Dewey Decimal Classification     General Text Book Central University Of Rajasthan Central University Of Rajasthan 06/09/2023 3 660.28449 S24P 40434 16/04/2025 03/04/2025 06/09/2023 Books   BTH